中国名字最长的市辖区 Chinese districts with longest names - Statistics

General Stats
  • This quiz has been taken 97 times
  • The average score is 6 of 11
Answer Stats
省份 字数 县区 % Correct
河南 5 管城回族区
76%
河北 6 鹰手营子矿区
68%
新疆 5 沙依巴克区
66%
新疆 5 克拉玛依区
58%
河南 5 瀍河回族区
55%
西藏 5 堆龙德庆区
55%
内蒙古 6 白云鄂博矿区
54%
黑龙江 8 梅里斯达斡尔族区
50%
黑龙江 5 富拉尔基区
50%
河南 5 顺河回族区
46%
内蒙古 5 扎赉诺尔区
41%
No matching quizzes found
Score Distribution
Percent of People with Each Score
Percentile by Number Answered
Your Score History
You have not taken this quiz